đź“–đź’¬ Paroles "Le Corbeau et le Renard" La Fontaine - Statistiques

Statistiques générales
  • Ce quiz a Ă©tĂ© pris 5 072 fois
  • Le rĂ©sultat moyen est 101 sur 131
Statistiques - réponses
Mots % Correct
Corbeau
100%
Corbeau.
100%
Ă 
99%
A
99%
fromage.
99%
fromage
99%
s'
99%
son
99%
un
99%
arbre
98%
bec
98%
bec,
98%
l'
98%
perché,
98%
Renard
98%
sur
98%
Maître
97%
Tenait
96%
en
95%
alléché
93%
ce
93%
odeur
93%
le
92%
Le
92%
Lui
92%
Et
91%
et
91%
peu
91%
près
90%
Se
90%
se
90%
vous
90%
Vous
90%
par
89%
ĂŞtes
88%
langage :
88%
de
87%
qu'
87%
si
87%
beau !
86%
plumage,
85%
votre
85%
ces
84%
Que
84%
que
84%
bois.
82%
Mon
82%
ramage
81%
me
80%
mots
79%
tint
79%
rapporte
78%
Monsieur
76%
Monsieur,
76%
sa
74%
semblez
74%
des
72%
joli !
72%
Phenix
72%
bon
70%
du
70%
ne
67%
hĂ´tes
66%
tomber
66%
dit :
64%
plus.
63%
bien
61%
proie.
61%
Sans
60%
sans
60%
large
59%
on
59%
qui
58%
sent
58%
Il
57%
pas
56%
tout
56%
joie :
55%
ouvre
55%
vaut
55%
mentir,
54%
laisse
53%
y
53%
celui
52%
Cette
52%
bonjour,
51%
écoute.
51%
Vit
51%
mais
50%
pour
50%
saisit,
50%
voix,
50%
belle
49%
doute.
49%
flatteur
49%
leçon
49%
aux
47%
Jura,
47%
tard,
47%
montrer
45%
prendrait
45%
Apprenez
44%
honteux
38%
dépens
36%
confus
34%
Aucun quiz correspondant
Distribution des résultats
% des personnes avec chaque résultat
Percentile par nombre de réponses
Votre historique - résultats
Vous n’avez pas pris ce quiz